Tổng quan du lịch Giáo trình dùng cho sinh viên Đại học & Cao đẳng ngành du lịch
v.v...
Đã lưu trong:
| Tác giả chính: | |
|---|---|
| Định dạng: | Sách |
| Năm xuất bản: |
H.
Văn hóa Hà Nội
2005
|
| Chủ đề: | |
| Tags: |
Thêm thẻ
Không có thẻ, Hãy là người đầu tiên gắn thẻ bản ghi này!
|
| LEADER | 01205nam a2200205 4500 | ||
|---|---|---|---|
| 082 | |a 338.4791 |b TR 120 NH | ||
| 100 | |a Trần Nhoãn | ||
| 245 | |a Tổng quan du lịch |c Trần Nhoãn |b Giáo trình dùng cho sinh viên Đại học & Cao đẳng ngành du lịch | ||
| 260 | |a H. |b Văn hóa Hà Nội |c 2005 | ||
| 300 | |a 195tr. |c 21cm | ||
| 520 | |a v.v... | ||
| 653 | |a Kinh tế | ||
| 653 | |a Du lịch | ||
| 653 | |a Tổng quan | ||
| 653 | |a Giáo trình | ||
| 942 | |2 ddc |c STK0 | ||
| 999 | |c 5848 |d 5848 | ||
| 952 | |0 0 |1 0 |2 ddc |4 0 |6 338_479100000000000_TR_120_NH |7 0 |8 300 |9 53914 |a qbu |b qbu |c D2 |d 2014-12-30 |g 27500 |o 338.4791 TR 120 NH |p 4433.C1 |r 0000-00-00 |w 2014-12-30 |y STK0 |0 0 |6 338_479100000000000_TR_120_NH |0 0 |6 338_479100000000000_TR_120_NH | ||
| 952 | |0 0 |1 0 |2 ddc |4 0 |6 338_479100000000000_TR_120_NH |7 0 |8 300 |9 53915 |a qbu |b qbu |c D2 |d 2014-12-30 |g 27500 |l 1 |o 338.4791 TR 120 NH |p 4433.C2 |r 2018-05-16 |s 2018-03-16 |w 2014-12-30 |y STK0 |0 0 |6 338_479100000000000_TR_120_NH |0 0 |6 338_479100000000000_TR_120_NH | ||
| 952 | |0 0 |1 0 |2 ddc |4 0 |6 338_479100000000000_TR_120_NH |7 0 |8 300 |9 53916 |a qbu |b qbu |c D2 |d 2014-12-30 |g 27500 |o 338.4791 TR 120 NH |p 4433.C3 |r 0000-00-00 |w 2014-12-30 |y STK0 |0 0 |6 338_479100000000000_TR_120_NH |0 0 |6 338_479100000000000_TR_120_NH | ||